Príprava manažérov pre špeciálne zložky spoločnosti

Manažérska činnosť v špeciálnych zložkách organizácie spoločnosti ako sú armáda a policajný zbor. Charakteristika manažéra špeciálnych zložiek. Špecifické požiadavky na výkon manažérsko-veliteľských funkcií. Charakteristika manažéra podľa niektorých autorov. Čiastkové poznatky z výskumu manažmentu v...

Description complète

Enregistré dans:
Détails bibliographiques
Auteur principal: Grznár, Miroslav
Autres auteurs: Szabo, Ľuboslav
Format: Chapitre de livre
Langue:slovaque
Sujets:
Tags: Ajouter un tag
Pas de tags, Soyez le premier à ajouter un tag!

MARC

LEADER 00000nla$a2200000$$$4500
001 0066575
005 20240611081122.8
041 0 |a slo 
044 |a SK 
245 1 0 |a Príprava manažérov pre špeciálne zložky spoločnosti  |c Miroslav Grznár, Ľuboslav Szabo 
520 |a Manažérska činnosť v špeciálnych zložkách organizácie spoločnosti ako sú armáda a policajný zbor. Charakteristika manažéra špeciálnych zložiek. Špecifické požiadavky na výkon manažérsko-veliteľských funkcií. Charakteristika manažéra podľa niektorých autorov. Čiastkové poznatky z výskumu manažmentu v podnikoch SR, ktoré môžu byť inšpiratívne aj pre podobný výskum v armádnych organizáciách.Výsledky výskumov naznačujú, že hlavnými faktormi podnikateľskej úspešnosti hodnotených podnikov je stabilita a kvalifikačná úroveň vrcholových manažérov. 
610 2 0 |a manažment 
610 2 0 |a manažéri 
610 2 0 |a riadenie 
610 2 0 |a kompetencie 
610 2 0 |a zodpovednosť 
610 2 0 |a kvalifikácia 
610 2 0 |a vedomosti 
610 2 0 |a armáda 
610 2 0 |a výskum 
100 1 |a Grznár, Miroslav 
700 1 |a Szabo, Ľuboslav